| Tag |
First Indicator |
Second Indicator |
Subfields |
| LEADER |
00000cam a2200000 4500 |
| 001 |
in00000463541 |
| 005 |
20151012163608.0 |
| 008 |
720801s1962 st a 00000 eng |
| 010 |
|
|
|a 65053240
|
| 035 |
|
|
|a (OCoLC)00371098
|
| 035 |
|
|
|9 ABZ6639AM
|
| 040 |
|
|
|a DLC
|c KSU
|d TXA
|d UtOrBLW
|
| 049 |
|
|
|a TXAS
|c [1096322]
|
| 050 |
|
0 |
|a CT310.O57
|b A3
|
| 100 |
1 |
|
|a Onslow, John.
|
| 245 |
1 |
0 |
|a Bowler-hatted cowboy.
|
| 264 |
|
1 |
|a Edinburgh :
|b W. Blackwood,
|c [1962]
|
| 264 |
|
4 |
|c [©1962]
|
| 300 |
|
|
|a 288 pages :
|b illustrations ;
|c 23 cm.
|
| 336 |
|
|
|a text
|b txt
|2 rdacontent
|
| 337 |
|
|
|a unmediated
|b n
|2 rdamedia
|
| 338 |
|
|
|a volume
|b nc
|2 rdacarrier
|
| 500 |
|
|
|a Autobiographical.
|
| 650 |
|
0 |
|a Ranch life
|z British Columbia.
|
| 999 |
|
|
|a MARS
|
| 999 |
f |
f |
|s 245114b3-8574-3113-8b94-d0d1c992d31d
|i 2a63dcb3-e6ea-3e72-8cbe-44f02227fa19
|t 0
|
| 952 |
f |
f |
|p noncirc
|a Texas A&M University
|b College Station
|c Cushing Memorial Library & Archives
|d Cushing: Dykes (Does not check out)
|t 0
|e CT310.O57 A3
|h Library of Congress classification
|i unmediated -- volume
|m A14851706854
|
| 998 |
f |
f |
|a CT310.O57 A3
|t 0
|l Cushing: Dykes (Does not check out)
|